El mundo que viene : descubre por qué las próximas décadas serán las más apasionantes de la historia de la humanidad /

Kaydedildi:
Detaylı Bibliyografya
Yazar: Martínez-Barea, Juan (autor.)
Materyal Türü: Kitap
Dil:İspanyolca
Baskı/Yayın Bilgisi: Barcelona : Gestión 2000, 2014.
Edisyon:1a edición.
Konular:
Online Erişim:https://elibro.unach.elogim.com/es/lc/unach/titulos/291015
Etiketler: Etiketle
Etiket eklenmemiş, İlk siz ekleyin!

MARC

LEADER 00000nam a2200000 i 4500
001 ELB291015
003 FINmELB
005 251223075555.0
006 m o u
007 cr cn|||||||||
008 251222s2014 sp o 000 0 spa d
020 |z 978-84-9875-374-5 
020 |a 9788498753769  |q (epub) 
035 |a (OCoLC)1564683468 
040 |a FINmELB  |b spa  |e rda  |c FINmELB 
050 4 |a T174  |b .M378 2014 
080 |a 321.7:001.18 
080 |a 62/69:001.18 
082 0 4 |a 303.483  |2 23 
100 1 |a Martínez-Barea, Juan,  |e autor. 
240 1 3 |a El mundo que viene 
245 1 3 |a El mundo que viene :  |b descubre por qué las próximas décadas serán las más apasionantes de la historia de la humanidad /  |c Juan Martínez-Barea. 
250 |a 1a edición. 
264 1 |a Barcelona :  |b Gestión 2000,  |c 2014. 
300 |a 1 recurso en línea :  |b ilustraciones (color y negro), mapas, gráficos 
336 |a texto  |b txt  |2 rdacontent/spa 
337 |a computadora  |b c  |2 rdamedia/spa 
338 |a recurso en línea  |b cr  |2 rdacarrier/spa 
500 |a "Una llamada al optimismo y a la acción". 
588 |a Descripción basada en metadatos suministrados por el editor y otras fuentes. 
590 |a Recurso electrónico. Santa Fe, Arg.: elibro, 2025. Disponible vía World Wide Web. El acceso puede estar limitado para las bibliotecas afiliadas a elibro. 
650 4 |a Previsión tecnológica. 
650 4 |a Democracia  |x Previsión. 
655 4 |a Libros electrónicos. 
797 2 |a elibro, Corp. 
856 4 0 |u https://elibro.unach.elogim.com/es/lc/unach/titulos/291015